00845nam a2200241Ia 4500001000900000003000500009008004100014010001100055040000900066090001700075100003400092245008400126260003000210300001000240901001700250902000600267905006300273942000700336942000700343999001900350952011700369952011700486dia_7773CHAP220117s1968 xx 000 0 und d a179160 cCHAP aF 1013 199-? aRamírez Romero, Seth994244 a¿Hacia dónde? : la universidad necesita un cambio /c Seth Ramírez Romero aMéxico :b UACh,c1968 a13 p. aF 1013 199-? aM a5232271968 mx dn 8226222322spa16 c12 c12 c179160d179160 00102local4051708FOLLaIA_bIA_c1d2022-01-18f12l0pdia_014361r2022-01-18 00:00:00t2w2022-01-18yFOLL 00102local4051708FOLLaIA_bIA_c1d2022-01-18f12l0pdia_014360r2022-01-18 00:00:00t1w2022-01-18yFOLL